Balancing Technology and Preservation Enhancing Visitor Experience in Heritage Sites
| Szerző: | |
|---|---|
| További közreműködők: | |
| Dokumentumtípus: | Diplomadolgozat |
| Kulcsszavak: | Augmented and Virtual Reality Technologies Digital Heritage Interpretation Heritage Site Management Sustainable tourism Visitor Engagement |
| Online Access: | http://dolgozattar.uni-bge.hu/60041 |
MARC
| LEADER | 00000nta a2200000 i 4500 | ||
|---|---|---|---|
| 001 | dolg60041 | ||
| 005 | 20260409145916.0 | ||
| 008 | 260409suuuu hu om 000 eng d | ||
| 040 | |a BGE Dolgozattár Repozitórium |b hun | ||
| 041 | |a en | ||
| 100 | 1 | |a Molnár Csenge Anna | |
| 245 | 1 | 0 | |a Balancing Technology and Preservation |b Enhancing Visitor Experience in Heritage Sites |c Molnár Csenge Anna |h [elektronikus dokumentum] |
| 520 | 3 | |a This thesis explores how digital innovation enhances visitor experiences at UK heritage sites while preserving historical authenticity. Through case studies of Warwick, Windsor, Cardiff, and Edinburgh Castles, the research analyses the use of augmented and virtual reality technologies, mobile apps, and interactive displays. Findings reveal that thoughtful technology integration improves engagement and accessibility, but must balance modern innovation with conservation priorities to maintain authenticity and visitor satisfaction. | |
| 695 | |a Augmented and Virtual Reality Technologies | ||
| 695 | |a Digital Heritage Interpretation | ||
| 695 | |a Heritage Site Management | ||
| 695 | |a Sustainable tourism | ||
| 695 | |a Visitor Engagement | ||
| 700 | 1 | |a Smith Melanie Kay |e ths | |
| 856 | 4 | 0 | |u http://dolgozattar.uni-bge.hu/60041/1/CsengeMolnar_MasterThesis.pdf |z Dokumentum-elérés |
| 856 | 4 | 0 | |u http://dolgozattar.uni-bge.hu/60041/2/Csenge%20Anna%20Moln%C3%A1r_Review_Melanie%20Smith.pdf |z Dokumentum-elérés |
| 856 | 4 | 0 | |u http://dolgozattar.uni-bge.hu/60041/3/Moln%C3%A1r%20Csenge_Opponent_Weninger%20%C3%81gnes.pdf |z Dokumentum-elérés |